[Event "Salvador FBX 2nd"]
[Site "Salvador"]
[Date "2009.11.02"]
[Round "12.5"]
[White "Guimaraes, Luiz Claudio"]
[Black "Da Silva Junior, Joaquim Custodio"]
[Result "1/2-1/2"]
[WhiteElo "1979"]
[BlackElo "1800"]
[PlyCount "94"]
[EventDate "2009.10.16"]
[EventType "tourn"]
[EventRounds "13"]
[EventCountry "BRA"]
[SourceTitle "EXT 2022"]
[Source "ChessBase"]
[SourceDate "2021.10.06"]
[SourceVersion "1"]
[SourceVersionDate "2021.10.06"]
[SourceQuality "1"]

1. e4 Nf6 2. e5 Nd5 3. d4 d6 4. c4 Nb6 5. f4 dxe5 6. fxe5 Nc6 7. Be3 Bf5 8. Nc3 e6 9. a3 a5 10. b3 Be7 11. Nf3 0-0 12. d5 exd5 13. cxd5 Nxe5 14. Bxb6 cxb6 15. Nd4 Bd7 16. Be2 Bh4+ 17. g3 Bf6 18. 0-0 Bh3 19. Rf2 Rc8 20. Ndb5 Ng6 21. Qd3 Bd7 22. Rd1 Bxc3 23. Nxc3 Re8 24. Rdf1 Ne5 25. Qd4 f6 26. Bh5 Ng6 27. Ne4 Be6 28. d6 Rf8 29. Bd1 Ne5 30. Rf4 Rc1 31. h4 Rc6 32. h5 Nd7 33. h6 Rf7 34. hxg7 f5 35. Nc3 Rxg7 36. R4f3 Qf6 37. Qxf6 Nxf6 38. Nb5 Ne4 39. Re1 Rg6 40. b4 Nxd6 41. Nd4 axb4 42. Nxc6 bxc6 43. axb4 Bd5 44. Ra3 Ne4 45. Kh2 Rh6+ 46. Kg1 Rg6 47. Kh2 Rh6+ 1/2-1/2

[Event "Salvador FBX 2nd"]
[Site "Salvador"]
[Date "2009.10.31"]
[Round "7.6"]
[White "Palomino, Alexandre Cardoso D"]
[Black "Da Silva Junior, Joaquim Custodio"]
[Result "1/2-1/2"]
[WhiteElo "1855"]
[BlackElo "1800"]
[PlyCount "42"]
[EventDate "2009.10.16"]
[EventType "tourn"]
[EventRounds "13"]
[EventCountry "BRA"]
[SourceTitle "EXT 2022"]
[Source "ChessBase"]
[SourceDate "2021.10.06"]
[SourceVersion "1"]
[SourceVersionDate "2021.10.06"]
[SourceQuality "1"]

1. e4 d6 2. d4 Nf6 3. Nc3 g6 4. Nf3 Bg7 5. Bc4 0-0 6. 0-0 c6 7. Re1 Nbd7 8. e5 dxe5 9. dxe5 Ng4 10. Bxf7+ Rxf7 11. e6 Rf8 12. exd7 Bxd7 13. Bg5 Bf6 14. Bxf6 exf6 15. Qd6 Bf5 16. Rad1 Qb6 17. Qg3 Rad8 18. h3 Nh6 19. Qf4 Rxd1 20. Nxd1 Kg7 21. Re7+ Rf7 1/2-1/2